000 00426nam a2200193Ia 4500
001 13529
003 GE_BSU
008 181216s||||||||xx |||||||||||||| ||und||
040 _cGE_BSU
080 _a94(410)
100 _aThomson,George Malcolm
245 _aSir Francis Drake
260 _aLondon
260 _bBook club Associates
260 _c1972
300 _a357p.24cm.
653 _aSir Francis Drake
942 _cBK
999 _c46688
_d46688